Statistics for FIFA World Cup Logos and Mascots

Click here to take the quiz!

General Stats

  • This quiz has been taken 45 times
    (44 since last reset)
  • The average score is 8 of 22

Answer Stats

Answer% Correct
Brazil
89%
Italy
86%
France
79%
Switzerland
79%
Uruguay
79%
Chile
71%
Sweden
61%
Naranjito
29%
Gauchito
25%
Pique
25%
La'eeb
21%
Tip and Tap
21%
Willie
21%
Zakumi
21%
Ciao
18%
Footix
18%
Fuleco
14%
Striker
14%
Juanito
11%
Zabivaka
11%
Ato, Kaz, and Nik/2002
4%
Goleo 6 and Pille
0%

Score Distribution

Percentile by Number Answered

Percent of People with Each Score

Your Score History

You have not taken this quiz since the last reset